[Event "World Senior Teams +65"]
[Site "Radebeul GER"]
[Date "2016.07.03"]
[Round "8.13"]
[Board "1"]
[White "Schroeter, Helmut"]
[Black "Hajenius, Willem"]
[Result "0-1"]
[WhiteElo "2073"]
[BlackElo "2008"]
[WhiteTeam "TuR Dresden"]
[BlackTeam "Belgium 2"]
[WhiteFideId "24631779"]
[BlackFideId "201138"]
[EventDate "2016.06.26"]

1. e4 c5 2. Nf3 Nf6 3. Nc3 Nc6 4. d4 d5 5. e5 Ne4 6. Bb5 Nxc3 7. bxc3 Qa5 8.
Bxc6+ bxc6 9. Bd2 Ba6 10. e6 f6 11. Nh4 g6 12. f4 O-O-O 13. Nf3 Rd6 14. Kf2 Rxe6
15. Re1 Re4 16. c4 Qd8 17. cxd5 Qxd5 18. c4 Bxc4 19. Qa4 Rxe1 20. Rxe1 a6 21.
Rc1 Bb5 22. Qc2 cxd4 23. a4 d3 24. Qb2 Bxa4 25. Qb6 Qb5 26. Qe3 e5 27. fxe5 fxe5
28. Nxe5 Bc2 29. Nxd3 Qf5+ 30. Kg1 Qxd3 31. Qe8+ Kb7 32. Rxc2 Qxc2 33. Qd7+ Kb6
34. Qd8+ Kb5 35. Qa5+ Kc4 36. Qxa6+ Kd5 37. Be1 Bc5+ 38. Kh1 Qc4 0-1

[Event "World Senior Teams +65"]
[Site "Radebeul GER"]
[Date "2016.07.03"]
[Round "8.13"]
[Board "2"]
[White "Van De Wynkele, Herman"]
[Black "Appelt, Gerd"]
[Result "1-0"]
[WhiteElo "1985"]
[BlackElo "2011"]
[WhiteTeam "Belgium 2"]
[BlackTeam "TuR Dresden"]
[WhiteFideId "207144"]
[BlackFideId "4691342"]
[EventDate "2016.06.26"]

1. e4 e5 2. Bc4 Nc6 3. d3 Nf6 4. Nc3 Na5 5. Nge2 Nxc4 6. dxc4 d6 7. h3 Be6 8.
Qd3 Nd7 9. b3 g6 10. Be3 Bg7 11. Qd2 O-O 12. g4 Re8 13. O-O-O Nc5 14. f3 a5 15.
a4 Re7 16. Bxc5 1-0

[Event "World Senior Teams +65"]
[Site "Radebeul GER"]
[Date "2016.07.03"]
[Round "8.13"]
[Board "3"]
[White "Seibt, Manfred"]
[Black "Schrickx, Frank"]
[Result "1-0"]
[WhiteElo "1987"]
[BlackElo "1920"]
[WhiteTeam "TuR Dresden"]
[BlackTeam "Belgium 2"]
[WhiteFideId "24639869"]
[BlackFideId "208957"]
[EventDate "2016.06.26"]

1. d4 Nf6 2. c4 e6 3. Nc3 Bb4 4. e3 O-O 5. Bd3 d5 6. Nf3 b6 7. O-O Ba6 8. cxd5
Bxd3 9. Qxd3 exd5 10. Bd2 Nbd7 11. Ne2 Bd6 12. Ng3 Bxg3 13. hxg3 Re8 14. Rac1 c5
15. Bc3 c4 16. Qd1 Ne4 17. Nd2 f5 18. Qf3 Qg5 19. Qf4 Qg6 20. Nf3 Qe6 21. Ng5
Nxg5 22. Qxg5 Nf6 23. Bb4 a5 24. Bc3 Ne4 25. Qh5 Rf8 26. Qf3 Rf6 27. Rfe1 Rh6
28. Kf1 b5 29. a3 Rb8 30. Qf4 Rh1+ 31. Ke2 Rxe1+ 32. Bxe1 Ra8 33. Qe5 Qxe5 34.
dxe5 Kf7 35. f3 Nc5 36. Bc3 b4 37. Bd4 Nd3 38. Rh1 bxa3 39. bxa3 h6 40. Rb1 Re8
41. f4 Rc8 42. Kd2 Nc5 43. Bxc5 Rxc5 44. Kc3 Rc7 45. Rb5 Ke6 46. a4 g5 47. Rb6+
Kd7 48. Rd6+ 1-0

[Event "World Senior Teams +65"]
[Site "Radebeul GER"]
[Date "2016.07.03"]
[Round "8.14"]
[Board "1"]
[White "Reuben, Stewart"]
[Black "Palmo, Pentti"]
[Result "1/2-1/2"]
[WhiteTitle "CM"]
[WhiteElo "2033"]
[BlackElo "1995"]
[WhiteTeam "England 2"]
[BlackTeam "Turku"]
[WhiteFideId "405256"]
[BlackFideId "501905"]
[EventDate "2016.06.26"]

1. d4 Nf6 2. c4 g6 3. g3 Bg7 4. Bg2 d6 5. Nc3 O-O 6. e4 c6 7. Nge2 e5 8. O-O Qb6
9. d5 Ne8 10. b3 f5 11. Be3 Qa5 12. a3 f4 13. Bd2 f3 14. Bxf3 Rxf3 15. Nf4 Bg4
16. Nce2 Qc7 17. h3 Rxf4 18. gxf4 Bxh3 19. Re1 Qd7 20. Ra2 Bg4 21. Kg2 Qe7 22.
f3 Bc8 23. fxe5 dxe5 24. Qc1 Nd7 25. Ng3 Ndf6 26. Bg5 Bd7 27. Kh1 a5 28. Ne2 c5
29. f4 Bg4 30. Ra1 Bd7 31. Qe3 1/2-1/2

[Event "World Senior Teams +65"]
[Site "Radebeul GER"]
[Date "2016.07.03"]
[Round "8.14"]
[Board "2"]
[White "Alkkiomaki, Jyrki"]
[Black "Thynne, Trefor F"]
[Result "1/2-1/2"]
[WhiteElo "1973"]
[BlackElo "1988"]
[WhiteTeam "Turku"]
[BlackTeam "England 2"]
[WhiteFideId "506893"]
[BlackFideId "419893"]
[EventDate "2016.06.26"]

1. e4 c5 2. Nf3 Nc6 3. d4 cxd4 4. Nxd4 Nf6 5. Nc3 e5 6. Ndb5 d6 7. Bg5 a6 8. Na3
Be6 9. Nc4 Rc8 10. Ne3 Be7 11. Bxf6 Bxf6 12. Be2 Bg5 13. Ned5 Nd4 14. Bd3 O-O
15. a4 g6 16. O-O f5 17. f3 Kh8 18. a5 Rg8 19. Nb6 Rc5 20. Ncd5 Bxd5 21. b4 Rc7
22. Nxd5 Rc8 23. c3 fxe4 24. Bxe4 Nf5 25. Qd3 Ne7 26. Nb6 Rc7 27. Rad1 Nf5 28.
Nd5 Rf7 29. Rfe1 Bh6 30. Nb6 Qg5 31. Nd5 Bf8 32. Re2 h5 33. Ne3 Nxe3 34. Rxe3
Rgg7 35. c4 h4 36. h3 Kh7 37. Bd5 Rc7 38. Re4 Be7 39. Rg4 Qf5 40. Be4 Qf6 41.
Rf1 Qe6 42. Bd5 Qf6 43. Be4 Qe6 44. Bd5 1/2-1/2

[Event "World Senior Teams +65"]
[Site "Radebeul GER"]
[Date "2016.07.03"]
[Round "8.14"]
[Board "3"]
[White "Cooper, John G"]
[Black "Rantanen, Veikko"]
[Result "1-0"]
[WhiteElo "1941"]
[BlackElo "1966"]
[WhiteTeam "England 2"]
[BlackTeam "Turku"]
[WhiteFideId "416096"]
[BlackFideId "506770"]
[EventDate "2016.06.26"]

1. e4 e6 2. d3 d5 3. Nd2 Nf6 4. Ngf3 c5 5. g3 Nc6 6. Bg2 Be7 7. O-O O-O 8. Re1
dxe4 9. dxe4 e5 10. c3 b5 11. a4 b4 12. Qc2 Ba6 13. Bf1 Bb7 14. Nc4 Qc7 15. Bg5
Rfd8 16. Bxf6 Bxf6 17. Rad1 bxc3 18. bxc3 Ne7 19. Ne3 Bc6 20. Bc4 Qa5 21. Bb3
Rab8 22. Nc4 Qc7 23. Ba2 g6 24. Rd2 Rxd2 25. Nfxd2 Bg5 26. Nf3 Bf6 27. h4 Bd7
28. Ne3 Qa5 29. Bb3 Qb6 30. Rb1 Kg7 31. Ba2 Qc7 32. Rxb8 Qxb8 33. Qb3 Qxb3 34.
Bxb3 Bc6 35. Bc2 Bb7 36. Nc4 Nc6 37. Nd6 Ba6 38. Ne8+ 1-0

[Event "World Senior Teams +65"]
[Site "Radebeul GER"]
[Date "2016.07.03"]
[Round "8.14"]
[Board "4"]
[White "Lehtosaari, Kalevi"]
[Black "Mashayekh, Majid"]
[Result "1-0"]
[WhiteElo "1953"]
[BlackElo "1922"]
[WhiteTeam "Turku"]
[BlackTeam "England 2"]
[WhiteFideId "501174"]
[BlackFideId "406015"]
[EventDate "2016.06.26"]

1. c4 e5 2. Nc3 Nc6 3. g3 g6 4. Bg2 Bg7 5. Nf3 d6 6. O-O Nge7 7. e3 Bg4 8. h3
Be6 9. b3 O-O 10. d4 exd4 11. exd4 Bf5 12. Bg5 Qd7 13. Kh2 f6 14. Be3 g5 15. d5
Nb4 16. Nd4 Bg6 17. Ne6 Rf7 18. Ne4 Nf5 19. Bc1 Bh8 20. Bb2 a5 21. Qd2 b6 22. f4
h6 23. Qc3 Kh7 24. g4 Nh4 25. f5 Bxf5 26. gxf5 Rg8 27. Qg3 Na6 28. Bd4 Nc5 29.
Bxc5 bxc5 30. Qg4 Re7 31. Qh5 Qe8 32. Qxe8 Rgxe8 33. Nc3 Rb8 34. Nb5 Rb7 35.
Rae1 1-0

[Event "World Senior Teams +65"]
[Site "Radebeul GER"]
[Date "2016.07.03"]
[Round "8.15"]
[Board "1"]
[White "Ager, Josef"]
[Black "Svensson, Leif 1940"]
[Result "1-0"]
[WhiteElo "2158"]
[BlackElo "2072"]
[WhiteTeam "Niederoesterreich"]
[BlackTeam "Sweden 2"]
[WhiteFideId "1607138"]
[BlackFideId "1702459"]
[EventDate "2016.06.26"]

1. Nf3 d5 2. c4 e6 3. g3 Nf6 4. Bg2 Be7 5. O-O O-O 6. b3 Nbd7 7. Bb2 c6 8. Nc3
b6 9. Rc1 Bb7 10. d4 Rc8 11. Re1 c5 12. cxd5 exd5 13. e3 Re8 14. Nh4 c4 15. Nf3
cxb3 16. axb3 Bb4 17. Nd2 Nf8 18. Na2 Bd6 19. b4 a6 20. Qb3 Qd7 21. Nc3 b5 22.
Ba3 Bb8 23. Qd1 g5 24. Nb3 Qd6 25. Nc5 Ba8 26. Bb2 Ne6 27. Ra1 Nc7 28. Qf3 Kg7
29. Qf5 h6 30. e4 dxe4 31. N3xe4 Nxe4 32. Nxe4 Qxb4 33. Qf6+ Kg8 34. d5 1-0

[Event "World Senior Teams +65"]
[Site "Radebeul GER"]
[Date "2016.07.03"]
[Round "8.15"]
[Board "2"]
[White "Andersson, Sven-Olof"]
[Black "Gneiss, Karl"]
[Result "0-1"]
[WhiteElo "1983"]
[BlackElo "2183"]
[WhiteTeam "Sweden 2"]
[BlackTeam "Niederoesterreich"]
[WhiteFideId "1706926"]
[BlackFideId "1605844"]
[EventDate "2016.06.26"]

1. d4 Nf6 2. Nf3 d5 3. Bf4 c6 4. h3 Bf5 5. e3 e6 6. Bd3 Bxd3 7. Qxd3 Bd6 8. Bxd6
Qxd6 9. Nbd2 Nbd7 10. O-O O-O 11. Rfe1 e5 12. dxe5 Nxe5 13. Nxe5 Qxe5 14. Qd4
Rfe8 15. Rad1 Qc7 16. e4 c5 17. Qa4 d4 18. Qc4 Qc6 19. e5 b5 20. Qd3 Nd5 21. Qg3
Re6 22. Re4 f5 23. exf6 Nxf6 24. Rxe6 Qxe6 25. Qb3 Qxb3 26. Nxb3 Rc8 27. Re1 Kf7
28. Kf1 Nd7 29. Re4 a5 30. Nxa5 Ra8 31. Nc6 Nb6 32. Re7+ Kf6 33. Rb7 Nc4 34.
Rxb5 Rxa2 35. Rxc5 Nxb2 36. Nxd4 Na4 37. g4 0-1

[Event "World Senior Teams +65"]
[Site "Radebeul GER"]
[Date "2016.07.03"]
[Round "8.15"]
[Board "3"]
[White "Winiwarter, Felix"]
[Black "Svensson, Soren"]
[Result "1-0"]
[WhiteElo "2101"]
[BlackElo "1952"]
[WhiteTeam "Niederoesterreich"]
[BlackTeam "Sweden 2"]
[WhiteFideId "1601890"]
[BlackFideId "1714937"]
[EventDate "2016.06.26"]

1. e4 e5 2. Nf3 Nc6 3. Bb5 a6 4. Ba4 Nf6 5. O-O Nxe4 6. d4 b5 7. Bb3 d5 8. dxe5
Be6 9. c3 Be7 10. Nbd2 Nc5 11. Bc2 Bg4 12. h3 Bh5 13. g4 Bg6 14. Nb3 O-O 15.
Nbd4 Nxd4 16. Nxd4 Bxc2 17. Qxc2 Qd7 18. Re1 Rae8 19. f4 Ne4 20. Be3 Bc5 21.
Rad1 Qe7 22. Nf5 Bxe3+ 23. Nxe3 c6 24. Kg2 g6 25. Rxd5 cxd5 26. Nxd5 Qh4 27.
Qxe4 Kg7 28. Re2 Re6 29. Nc7 Re7 30. Qc6 Rd8 31. Qf6+ Qxf6 32. exf6+ Kxf6 33.
g5+ 1-0

[Event "World Senior Teams +65"]
[Site "Radebeul GER"]
[Date "2016.07.03"]
[Round "8.15"]
[Board "4"]
[White "Ekelund, Kurt"]
[Black "Woeber, Friedrich"]
[Result "1/2-1/2"]
[WhiteElo "1952"]
[BlackElo "2116"]
[WhiteTeam "Sweden 2"]
[BlackTeam "Niederoesterreich"]
[WhiteFideId "1706667"]
[BlackFideId "1604694"]
[EventDate "2016.06.26"]

1. e4 e5 2. Nf3 Nc6 3. Bb5 f5 4. d3 fxe4 5. dxe4 Nf6 6. O-O d6 7. Qd3 Be7 8. Nc3
O-O 9. Ne2 Kh8 10. c3 Nh5 11. Ng3 Nf4 12. Bxf4 Rxf4 13. h3 Qe8 14. Qe3 Qg6 15.
Kh2 Be6 16. Bxc6 bxc6 17. Nd4 Bd7 18. Ndf5 Bg5 19. Qe2 d5 20. Rad1 h5 21. f3 h4
22. Nh1 Bxf5 23. exf5 Rxf5 24. c4 Qd6 25. Nf2 e4+ 26. Kh1 exf3 27. gxf3 Raf8 28.
Rd3 Qf4 29. cxd5 cxd5 30. Ng4 c5 31. Ra3 Qc7 32. Qg2 c4 33. Ne3 Bxe3 34. Rxe3 d4
35. Re4 Rf4 36. Qg5 Rxe4 37. Qh5+ Kg8 38. Qd5+ Qf7 39. Qxe4 d3 40. Qd4 Qe6 41.
Kh2 Rf6 42. f4 Qc6 43. Rg1 Kh7 44. Rg4 Rg6 45. Rxh4+ Kg8 46. Rg4 Rxg4 47. hxg4
Qf3 48. Qd8+ 1/2-1/2

[Event "World Senior Teams +65"]
[Site "Radebeul GER"]
[Date "2016.07.03"]
[Round "8.16"]
[Board "1"]
[White "Opl, Klaus1"]
[Black "Burda, Walter"]
[Result "1-0"]
[WhiteTitle "FM"]
[WhiteElo "2230"]
[BlackElo "2062"]
[WhiteTeam "Wien 1"]
[BlackTeam "SV Dresden-Striesen 1990 e.V."]
[WhiteFideId "1600672"]
[BlackFideId "16203321"]
[EventDate "2016.06.26"]

1. d4 Nf6 2. c4 e6 3. Nf3 b6 4. a3 Ba6 5. e3 Be7 6. Bd3 O-O 7. O-O d5 8. b3 c5
9. Bb2 Nbd7 10. Nbd2 Rc8 11. Qe2 Bb7 12. Rfd1 Ne4 13. cxd5 Nxd2 14. Nxd2 exd5
15. Rac1 Bf6 16. Nf3 Qe7 17. Ba6 Bxa6 18. Qxa6 Rc7 19. a4 Rfc8 20. h3 g6 21. Ba3
Qe6 22. Rc2 Nb8 23. Qe2 Nd7 24. Rdc1 Be7 25. dxc5 bxc5 26. b4 Qb6 27. a5 Qe6 28.
Nd4 Qf6 29. Nb5 Rb7 30. bxc5 Qa6 31. c6 Rxb5 32. cxd7 Rxc2 33. Qxc2 Qf6 34. Bxe7
Qxe7 35. Qc8+ Kg7 36. d8=Q 1-0

[Event "World Senior Teams +65"]
[Site "Radebeul GER"]
[Date "2016.07.03"]
[Round "8.16"]
[Board "2"]
[White "Groschup, Gerhard"]
[Black "Dueckstein, Andreas"]
[Result "1/2-1/2"]
[BlackTitle "IM"]
[WhiteElo "1999"]
[BlackElo "2084"]
[WhiteTeam "SV Dresden-Striesen 1990 e.V."]
[BlackTeam "Wien 1"]
[WhiteFideId "24679747"]
[BlackFideId "1600168"]
[EventDate "2016.06.26"]

1. d4 Nf6 2. c4 e5 3. dxe5 Ng4 4. Nf3 Nc6 5. Bd2 Bc5 6. e3 Ngxe5 7. Nxe5 Nxe5 8.
Bc3 Qe7 9. a3 a5 10. Nd2 O-O 11. Be2 d6 12. Nf3 c6 13. O-O Bb6 14. Qc2 Nxf3+ 15.
Bxf3 Be6 16. b3 Bc7 17. Bb2 Rfd8 18. Rfd1 d5 19. c5 f6 20. Rac1 Qf7 21. Bd4 Qg6
22. Qe2 Bf5 23. g3 Qf7 24. Bg2 Re8 25. Re1 Qe6 26. Qd2 Be5 27. Qc3 Bc7 28. Qb2
Bh3 29. f4 Bxg2 30. Qxg2 Ra6 31. Qe2 1/2-1/2

[Event "World Senior Teams +65"]
[Site "Radebeul GER"]
[Date "2016.07.03"]
[Round "8.16"]
[Board "3"]
[White "Strobel, Ferdinand"]
[Black "Deppe, Christian"]
[Result "1/2-1/2"]
[WhiteTitle "FM"]
[WhiteElo "2037"]
[BlackElo "1850"]
[WhiteTeam "Wien 1"]
[BlackTeam "SV Dresden-Striesen 1990 e.V."]
[WhiteFideId "1600290"]
[BlackFideId "12911224"]
[EventDate "2016.06.26"]

1. f4 d5 2. Nf3 Nf6 3. g3 Bf5 4. Bg2 e6 5. c3 c5 6. O-O Nc6 7. d3 Be7 8. Nh4 O-O
9. Qe1 d4 10. c4 Rb8 11. Na3 Nd7 1/2-1/2

[Event "World Senior Teams +65"]
[Site "Radebeul GER"]
[Date "2016.07.03"]
[Round "8.16"]
[Board "4"]
[White "Thalheim, Peter"]
[Black "Titz, Herbert"]
[Result "1/2-1/2"]
[WhiteElo "1827"]
[BlackElo "1950"]
[WhiteTeam "SV Dresden-Striesen 1990 e.V."]
[BlackTeam "Wien 1"]
[WhiteFideId "12958220"]
[BlackFideId "1610040"]
[EventDate "2016.06.26"]

1. c4 Nf6 2. Nc3 c5 3. e4 d6 4. g3 g6 5. Bg2 Bg7 6. Nf3 Nc6 7. d4 cxd4 8. Nxd4
Bd7 9. Nxc6 Bxc6 10. O-O O-O 11. Qe2 Qc7 12. Be3 b6 13. Rac1 Qb7 14. Nd5 Bxd5
15. cxd5 Rac8 16. Rxc8 Rxc8 17. f3 Rc7 18. Rc1 Rxc1+ 1/2-1/2

[Event "World Senior Teams +65"]
[Site "Radebeul GER"]
[Date "2016.07.03"]
[Round "8.17"]
[Board "1"]
[White "Johansson, Per"]
[Black "Kolbak, Jens"]
[Result "0-1"]
[WhiteElo "1935"]
[BlackElo "2178"]
[WhiteTeam "Sweden 3"]
[BlackTeam "Denmark"]
[WhiteFideId "1703552"]
[BlackFideId "1400339"]
[EventDate "2016.06.26"]

1. d4 Nf6 2. Nf3 d6 3. c4 g6 4. g3 Bg7 5. Bg2 O-O 6. O-O Nbd7 7. Qc2 c6 8. Nc3
e5 9. Rd1 Qc7 10. dxe5 dxe5 11. Ng5 Nc5 12. b4 Ne6 13. Nxe6 Bxe6 14. c5 Bf5 15.
e4 Be6 16. h3 Nd7 17. Be3 f5 18. Rd6 Rfe8 19. f4 exf4 20. Bxf4 Ne5 21. Re1 Qf7
22. exf5 Bxf5 23. Qb3 Qxb3 24. axb3 Nf3+ 25. Bxf3 Rxe1+ 0-1

[Event "World Senior Teams +65"]
[Site "Radebeul GER"]
[Date "2016.07.03"]
[Round "8.17"]
[Board "2"]
[White "Olesen, Poul Erik Norgaard"]
[Black "Sandklef, Ake"]
[Result "1-0"]
[WhiteElo "2020"]
[BlackElo "1917"]
[WhiteTeam "Denmark"]
[BlackTeam "Sweden 3"]
[WhiteFideId "1404253"]
[BlackFideId "1708724"]
[EventDate "2016.06.26"]

1. e4 e6 2. d4 d5 3. Nc3 Bb4 4. Bd2 dxe4 5. Qg4 Nf6 6. Qxg7 Rg8 7. Qh6 Rg6 8.
Qh4 Nc6 9. Nge2 Rg4 10. Qh3 e5 11. dxe5 Nxe5 12. O-O-O Qe7 13. Ng3 Bd7 14. Be2
O-O-O 15. f3 exf3 16. gxf3 Rd4 17. Qh6 Ng6 18. Nge4 Bc6 19. Nxf6 Qxf6 20. Bg5
Rxd1+ 21. Nxd1 Rxd1+ 22. Rxd1 Qf5 23. Rd8# 1-0

[Event "World Senior Teams +65"]
[Site "Radebeul GER"]
[Date "2016.07.03"]
[Round "8.17"]
[Board "3"]
[White "Forslund, Lennart"]
[Black "Mortensen, Steen Juul"]
[Result "0-1"]
[WhiteElo "1856"]
[BlackElo "2002"]
[WhiteTeam "Sweden 3"]
[BlackTeam "Denmark"]
[WhiteFideId "1720473"]
[BlackFideId "1408143"]
[EventDate "2016.06.26"]

1. b3 Nf6 2. Bb2 d6 3. d4 g6 4. g3 Bg7 5. Bg2 Nbd7 6. Nf3 O-O 7. O-O c6 8. c4
Re8 9. Qd3 Qc7 10. d5 Nc5 11. Qd1 cxd5 12. cxd5 Bd7 13. Nc3 a5 14. Rc1 b5 15.
Nd4 Qb7 16. e3 b4 17. Nce2 Ng4 18. Rc2 a4 19. Qd2 Ne5 20. Rb1 axb3 21. axb3 Ra6
22. Ra1 Rea8 23. Rcc1 Ned3 24. Rxa6 Rxa6 25. Rb1 Qa8 26. Nc1 Nxb2 27. Qxb2 Ra3
28. Qd2 Qa5 29. f3 Qb6 30. Bf1 h5 31. Na2 Bxd4 32. Qxd4 Rxa2 33. Bc4 Qa5 34. e4
Bh3 35. Bf1 Bxf1 36. Kxf1 Rxh2 0-1

[Event "World Senior Teams +65"]
[Site "Radebeul GER"]
[Date "2016.07.03"]
[Round "8.17"]
[Board "4"]
[White "Andersson, Finn"]
[Black "Norevall, Ulf"]
[Result "1/2-1/2"]
[WhiteElo "1816"]
[BlackElo "1749"]
[WhiteTeam "Denmark"]
[BlackTeam "Sweden 3"]
[WhiteFideId "1420232"]
[BlackFideId "1705555"]
[EventDate "2016.06.26"]

1. e4 c5 2. Nc3 Nc6 3. Nf3 d6 4. d4 cxd4 5. Nxd4 Nf6 6. Nxc6 bxc6 7. Bc4 e6 8.
O-O Be7 9. Qe2 Qc7 10. Be3 O-O 11. f4 Nxe4 12. Nxe4 d5 13. Bd3 dxe4 14. Bxe4 a5
15. Qf2 Rb8 16. Bd4 f5 17. Bd3 Bf6 18. Bc4 Bxd4 19. Qxd4 Rd8 20. Qc5 Qb6 21.
Qxb6 Rxb6 22. Rad1 Rxd1 23. Rxd1 Kf7 24. b3 Ke7 25. Kf2 a4 26. Ke3 axb3 27. cxb3
c5 28. a4 Bd7 29. a5 Rb7 30. a6 Ra7 31. Rd2 Bc6 32. g3 Be4 33. h3 g6 34. g4 Bc6
35. g5 Be4 36. h4 Ra8 37. Bb5 Bd5 38. Rb2 Kd6 39. Rd2 Ke7 40. Rb2 1/2-1/2

[Event "World Senior Teams +65"]
[Site "Radebeul GER"]
[Date "2016.07.03"]
[Round "8.18"]
[Board "1"]
[White "Eskandary, Jahya"]
[Black "Lomer, Edmund"]
[Result "1-0"]
[WhiteElo "2065"]
[BlackElo "2043"]
[WhiteTeam "Dresdner Springer"]
[BlackTeam "Randbauern"]
[WhiteFideId "4665708"]
[BlackFideId "4664884"]
[EventDate "2016.06.26"]

1. e4 d5 2. exd5 Qxd5 3. Nc3 Qa5 4. Bc4 Bf5 5. d3 c6 6. Bd2 Qc7 7. Nge2 Nf6 8.
Ng3 Bg6 9. Qe2 e6 10. h4 h5 11. Bg5 Nbd7 12. a3 O-O-O 13. O-O-O Bd6 14. Nge4
Bxe4 15. Nxe4 Bf4+ 16. Kb1 Bxg5 17. Nxg5 Nb6 18. Nxf7 Nxc4 19. Qxe6+ Kb8 20.
Nxh8 Nxb2 21. Kxb2 Rxh8 22. Rhe1 Qb6+ 23. Qb3 Qd4+ 24. Qc3 Qxf2 25. Re7 Qb6+ 26.
Ka1 Qd8 27. Qe5+ Ka8 28. Rb1 b5 29. Qc5 Qb6 30. Qxb6 axb6 31. Rxg7 Re8 32. Rf1
Nd5 33. Kb2 b4 34. axb4 Nxb4 35. Rf5 Nd5 36. Rxh5 b5 37. Rf5 Rd8 38. h5 Ne3 39.
Re5 Nd5 40. h6 Nf6 41. Rf5 1-0

[Event "World Senior Teams +65"]
[Site "Radebeul GER"]
[Date "2016.07.03"]
[Round "8.18"]
[Board "3"]
[White "Zoephel, Heinz"]
[Black "Wenske, Hardy"]
[Result "1-0"]
[WhiteElo "1990"]
[BlackElo "1823"]
[WhiteTeam "Dresdner Springer"]
[BlackTeam "Randbauern"]
[WhiteFideId "24647241"]
[BlackFideId "24611212"]
[EventDate "2016.06.26"]

1. e4 c6 2. Nc3 d5 3. d4 dxe4 4. Nxe4 Nf6 5. Ng3 e6 6. Nf3 Bd6 7. Bg5 Bxg3 8.
hxg3 Qa5+ 9. c3 Nd5 10. Bd3 h6 11. Bd2 Qd8 12. Ne5 Nf6 13. g4 Nbd7 14. Qe2 Nxe5
15. dxe5 Nh7 16. Bxh7 Rxh7 17. g5 Qd5 18. f4 Bd7 19. c4 Qc5 20. O-O-O O-O-O 21.
Kb1 Qe7 22. Be3 c5 23. Rd6 b6 24. Bxc5 bxc5 25. Qe4 Kc7 26. Qxh7 hxg5 27. g3 f6
28. Qe4 Qe8 29. Rhd1 f5 30. Qf3 g4 31. Qa3 Kb8 32. Qxc5 Rc8 33. Qb4+ Kc7 34.
Qa5+ Kb8 35. Rxd7 Qxd7 36. Rxd7 Rxc4 37. Qxa7+ Kc8 38. Qb7# 1-0

[Event "World Senior Teams +65"]
[Site "Radebeul GER"]
[Date "2016.07.03"]
[Round "8.19"]
[Board "1"]
[White "Happel, Henk"]
[Black "Pamperin, Gerhard"]
[Result "1/2-1/2"]
[WhiteTitle "FM"]
[WhiteElo "2101"]
[BlackElo "1936"]
[WhiteTeam "Koninklijke DD"]
[BlackTeam "Rochade MV"]
[WhiteFideId "1001078"]
[BlackFideId "24651354"]
[EventDate "2016.06.26"]

1. d4 d5 2. Nf3 Nf6 3. Bf4 e6 4. e3 Bd6 5. Bg3 c5 6. c3 Ne4 7. Nbd2 Nxg3 8. hxg3
h6 9. Bd3 Nc6 10. e4 cxd4 11. cxd4 dxe4 12. Nxe4 Bb4+ 13. Kf1 Be7 14. a3 Bd7 15.
g4 Qb6 1/2-1/2

[Event "World Senior Teams +65"]
[Site "Radebeul GER"]
[Date "2016.07.03"]
[Round "8.19"]
[Board "2"]
[White "Jung, Werner"]
[Black "Dickhoff, Ronald"]
[Result "1/2-1/2"]
[WhiteElo "1973"]
[BlackElo "2106"]
[WhiteTeam "Rochade MV"]
[BlackTeam "Koninklijke DD"]
[WhiteFideId "24669458"]
[BlackFideId "1006142"]
[EventDate "2016.06.26"]

1. e4 e5 2. Nc3 Nf6 3. f4 d5 4. fxe5 Nxe4 5. Qf3 Nc6 6. Bb5 Nxc3 7. dxc3 Qh4+ 8.
g3 Qe4+ 9. Qxe4 dxe4 10. Bxc6+ bxc6 11. Bf4 Be6 12. Be3 O-O-O 13. Ne2 1/2-1/2

[Event "World Senior Teams +65"]
[Site "Radebeul GER"]
[Date "2016.07.03"]
[Round "8.19"]
[Board "3"]
[White "Olof, Erik"]
[Black "Schroeter, Reinhard"]
[Result "1-0"]
[WhiteElo "1975"]
[BlackElo "1801"]
[WhiteTeam "Koninklijke DD"]
[BlackTeam "Rochade MV"]
[WhiteFideId "1035762"]
[BlackFideId "12993530"]
[EventDate "2016.06.26"]

1. d4 d5 2. Nf3 e6 3. g3 Nf6 4. Bg2 Be7 5. O-O b6 6. c4 Bb7 7. Ne5 O-O 8. Qa4
Qe8 9. Qxe8 Rxe8 10. Nc3 a6 11. Re1 c6 12. a3 Nbd7 13. f4 Rac8 14. b4 dxc4 15.
Nxc4 Nd5 16. Ne4 Rc7 17. Ned6 Rd8 18. Nxb7 Rxb7 19. e4 N5f6 20. Bd2 Rc7 21. a4
c5 22. bxc5 bxc5 23. Ba5 Rcc8 24. Bxd8 Rxd8 25. d5 exd5 26. exd5 Bf8 27. Rab1 1-0

[Event "World Senior Teams +65"]
[Site "Radebeul GER"]
[Date "2016.07.03"]
[Round "8.19"]
[Board "4"]
[White "Kundt, Guenther"]
[Black "Munninghoff, Alexander"]
[Result "1/2-1/2"]
[WhiteElo "1717"]
[BlackElo "1932"]
[WhiteTeam "Rochade MV"]
[BlackTeam "Koninklijke DD"]
[WhiteFideId "12975346"]
[BlackFideId "1012460"]
[EventDate "2016.06.26"]

1. d4 Nf6 2. c4 c5 3. d5 b5 4. cxb5 a6 5. Nf3 d6 6. e3 g6 7. Nc3 Bg7 8. Be2 O-O
9. O-O Bb7 10. e4 Nfd7 11. Be3 axb5 12. Bxb5 Na6 13. Qe2 Nc7 14. Bd3 h6 15. Nb5
Nxb5 16. Bxb5 f5 17. exf5 gxf5 18. Bxh6 Bxd5 19. Bxg7 Kxg7 20. a4 1/2-1/2